000 00302nam a22001457a 4500
003 SGT
020 _a9788195377404
082 _a320
_bA47L
100 _aLOHIA, RAAMMANOHAR
245 _aACTION IN GOA
260 _bAUGUST PUBLICATION HOUSE
_c1947
300 _a86
650 _a150
942 _2ddc
_cBK
999 _c28631
_d28631